| 000 | 00453nam a22001697a 4500 | ||
|---|---|---|---|
| 005 | 20180205162452.0 | ||
| 008 | 160429b xxu||||| |||| 00| 0 eng d | ||
| 020 | _a9812-53019-3 | ||
| 041 | _aeng | ||
| 082 |
_b00783 _a005.1 |
||
| 100 |
_aBraude, Eric _94085 |
||
| 245 | _aSoftware Design: From Programming to Architechture | ||
| 260 |
_aNew York _bJohn wilry & Sons, Inc, _c2004 |
||
| 300 | _a550 | ||
| 650 |
_aInformation Technology _9137 |
||
| 942 | _cBK | ||
| 999 |
_c255 _d255 |
||